Normal view
MARC view
- calculations
Entry Topical Term
001 - CONTROL NUMBER
- control field: 113381
003 - CONTROL NUMBER IDENTIFIER
- control field: NUST
005 - DATE AND TIME OF LATEST TRANSACTION
- control field: 20230705143252.0
008 - FIXED-LENGTH DATA ELEMENTS
- fixed length control field: 230705|| aca||aabn | a|a d
040 ## - CATALOGING SOURCE
- Original cataloging agency: NUST
- Transcribing agency: NUST
150 ## - HEADING--TOPICAL TERM
- Topical term or geographic name entry element: calculations
670 ## - SOURCE DATA FOUND
- Source citation: Work cat.: (NUST)181086: Chapman, William, 113380, Applied workshop calculations / , 1954
